000 01755nam0a2200361 4500
001 RU\NLR\BIBL_A\012610860
005 20211224101909.0
010 _a978-5-91579-150-9
_91000
021 _aRU
_bКН-П-21-036600
_9КН-П-21-2852
035 _a(NLR Aleph) 012610860
090 _a12609485
_c12609485
100 _a20211005d2021 u y0rusy50 ca
101 0 _arus
102 _aRU
105 _ay z 000zy
181 0 _ai
_baxxe
182 0 _an
200 1 _aНеразрешимые проблемы мужского характера
_eпочему в эпоху доступных добровольных партнерш растут обращения за платным сексом?
_e[рекомендации от известного врача-сексолога]
_fАлександр Полеев
_gАссоциация врачей-сексологов
203 _aТекст
_bвизуальный
_cнепосредственный
210 _aМосква
_cСоциально-политическая мысль
_d2021
215 _a96 с.
_d21
225 1 _aОсмелься на страсть
_v10
300 _aНа 4-й с. обл. авт.: Александр Полеев, врач-сексолог, канд. мед. наук, проф.
320 _aБиблиогр.: с. 93-96 (73 назв.)
606 1 _aМужчины
_xПоловая жизнь
_xПсихологические исследования
_92481811
_3RU\NLR\AUTH\6601689775
686 1 _aЮ937.3-342.1
686 1 _aЮ937.32
686 1 _aР702я9
700 1 _aПолеев
_bА. М.
_gАлександр Моисеевич
942 _cBOOK
980 _aNB